| 000 | 00368nam a2200133Ia 4500 | ||
|---|---|---|---|
| 008 | 240624s9999 xx 000 0 und d | ||
| 041 | _aeng | ||
| 082 | _a823 SAT | ||
| 100 | _aSATTHIANADHAN KRUPABAI | ||
| 245 | _aKAMALA THE STORY OF A HINDU CHILD WIFE | ||
| 260 |
_c2010 _aNew Delhi _bOxford University press |
||
| 300 | _axv, : 173 : p. : cm. ; 21 | ||
| 365 |
_cRS _b32 |
||
| 999 |
_c16637 _d16637 |
||